书目信息 |
| 题名: |
全宋文
|
|
| 作者: | 刘琳 , 曾枣庄 主编 ;四川大学古籍整理研究所 编 | |
| 分册: | 第九册 | |
| 出版信息: | 成都 巴蜀书社 1990.05 |
|
| 页数: | 779页 | |
| 开本: | 20cm | |
| 丛书名: | ||
| 单 册: | ||
| 中图分类: | Z121.2 | |
| 科图分类: | ||
| 主题词: | 丛书--两宋时代--选集 | |
| 电子资源: | ||
| ISBN: | 7-80523-301-2 | |
| 000 | 00849nam0 2200253 45 | |
| 001 | 0191017413 | |
| 005 | 20061017095405.32 | |
| 010 | @a7-80523-301-2@b精装@dCNY25.00 | |
| 100 | @a19910729d1990 ekmy0chiy0121 ea | |
| 101 | 0 | @achi |
| 102 | @aCN@b510000 | |
| 105 | @ay z 000yy | |
| 200 | 10 | @a全宋文@AQUAN SONG WEN@h第九册@f曾枣庄,刘 琳主编@FZENG ZAO ZHUANG , LIU LIN ZHU BIAN@g四川大学古籍整理研究所编 |
| 210 | @a成都@c巴蜀书社@d1990.05 | |
| 215 | @a779页@d20cm | |
| 300 | @a全国高等学校古籍整理研究工作委员会规划重点项目 | |
| 300 | @a全套20册,CNY500 | |
| 606 | 0 | @a丛书@z两宋时代@x选集 |
| 690 | @aZ121.2@v3 | |
| 701 | 0 | @a刘琳@ALIU LIN@4主编 |
| 701 | 0 | @a曾枣庄@AZENG ZAO ZHUANG@4主编 |
| 711 | 02 | @a四川大学古籍整理研究所@ASI CHUAN DA XUE GU JI ZHENG LI YAN JIU SUO@4编 |
| 801 | 0 | @aCN@bTSSF@c20061017 |
| 905 | @a10447@dZ121.2@e54:9 | |
| 全宋文.第九册/曾枣庄,刘 琳主编/四川大学古籍整理研究所编.-成都:巴蜀书社,1990.05 |
| 779页;20cm |
| 全国高等学校古籍整理研究工作委员会规划重点项目.-全套20册,CNY500 |
| ISBN 7-80523-301-2(精装):CNY25.00 |
| ● |
| 相关链接 |
|
|
|
|
正题名:全宋文
索取号:Z121.2/54:9
 
预约/预借
| 序号 | 登录号 | 条形码 | 馆藏地/架位号 | 状态 | 备注 |
| 1 | 0276562 | 001497712 | 古籍典藏专区/ [索取号:Z121.2/54:9] | 在馆 |